000 00534nam a2200205Ia 4500
003 OSt
005 20230601171004.0
008 210423s2009 xx 000 0 und d
040 _cAL
041 _aeng
082 _a307.76
_223
_bJUSM
100 _aJUSTO (C E)
_9118330
245 _aMonitaring the quality of road work
260 _aBangalore
_bPublic Affair
_c2009
365 _cINR
650 _aSociology
_9118331
650 _aUrban Communities
_9118332
906 _aMonitaring ; quality ; road ; work
942 _2ddc
_cBK
999 _c175577
_d175577